LEADER 04243oam 2200661I 450 001 9910451632003321 005 20200520144314.0 010 $a1-280-66137-2 010 $a9786613638304 010 $a0-203-80150-4 010 $a1-136-62274-8 024 7 $a10.4324/9780203801505 035 $a(CKB)2550000000100289 035 $a(EBL)957425 035 $a(OCoLC)798533121 035 $a(SSID)ssj0000658212 035 $a(PQKBManifestationID)11399188 035 $a(PQKBTitleCode)TC0000658212 035 $a(PQKBWorkID)10680868 035 $a(PQKB)11005255 035 $a(MiAaPQ)EBC957425 035 $a(Au-PeEL)EBL957425 035 $a(CaPaEBR)ebr10558521 035 $a(CaONFJC)MIL363830 035 $a(OCoLC)860524405 035 $a(EXLCZ)992550000000100289 100 $a20180706d2012 uy 0 101 0 $aeng 135 $aur|n|---||||| 181 $ctxt 182 $cc 183 $acr 200 00$aPsychosocial assessment and treatment of bariatric surgery patients /$fJames Mitchell and Martina de Zwaan, editors 210 1$aNew York :$cRoutledge,$d2012. 215 $a1 online resource (287 p.) 300 $aDescription based upon print version of record. 311 $a0-415-89219-8 320 $aIncludes bibliographical references and index. 327 $aCover; Title; Copyright; Contents; Editors; Contributors; CHAPTER 1 Overview of Bariatric Surgery Procedures; CHAPTER 2 Assessment of Bariatric Surgery Candidates: The Clinical Interview; CHAPTER 3 Assessment of Bariatric Surgery Candidates: Structured Interviews and Self-Report Measures; CHAPTER 4 Psychosocial Problems and Psychiatric Disorders Pre- and Postbariatric Surgery; CHAPTER 5 Eating Disorders and Eating Problems Pre- and Postbariatric Surgery; CHAPTER 6 Cognitive Dysfunction in Obesity: Implications for Bariatric Surgery Patients 327 $aCHAPTER 7 Psychopharmacology Pre- and Postbariatric SurgeryCHAPTER 8 Physical Activity Pre- and Postbariatric Surgery; CHAPTER 9 Nutritional Care of the Bariatric Surgery Patient; CHAPTER 10 Special Issues in the Assessment and Treatment of Adolescent Bariatric Surgery Patients; CHAPTER 11 Body Image and Body Contouring in Bariatric Surgery Patients; CHAPTER 12; Section 1: Preoperative Lifestyle Intervention; Section 2: Group Preparation for Bariatric Surgery; Section 3: Next Step-A Bariatric Psychological Aftercare Program; Section 4: The BaSE Program-A Videoconferencing-Based Aftercare 327 $aSection 5: Postsurgery PsychotherapySection 6: Bariatric Aftercare; Index 330 $a"With contributions from worldwide leaders in the field of bariatric surgery, Psychosocial Assessment and Treatment of Bariatric Surgery Patients provides an up-to-date source of information regarding psychosocial issues in the assessment and treatment of bariatric surgery patients. It is comprehensive in scope and includes background information about bariatric surgery procedures, assessment of candidates (both by clinical interview and the use of structured interviews and self-report), a review of psychosocial and eating problems that occur pre- and post-operatively, and a review of both nutritional issues and exercise issues for evaluators and treatment providers. Unique chapters include a chapter on psychopharmacological agents and a chapter on assessment of special issues in adolescents, who increasingly are the target of bariatric surgery procedures. By the end of the book, readers will know how to evaluate and prepare patients for surgery and how to treat them after"--Provided by publisher. 606 $aObesity$xSurgery$xPsychological aspects 606 $aObesity$xSurgery$xPatients$xMental health 608 $aElectronic books. 615 0$aObesity$xSurgery$xPsychological aspects. 615 0$aObesity$xSurgery$xPatients$xMental health. 676 $a617.4/3 676 $a617.43 701 $aDe Zwaan$b Martina$01000198 701 $aMitchell$b James E$g(James Edward),$f1947-$0944159 801 0$bMiAaPQ 801 1$bMiAaPQ 801 2$bMiAaPQ 906 $aBOOK 912 $a9910451632003321 996 $aPsychosocial assessment and treatment of bariatric surgery patients$92295801 997 $aUNINA LEADER 02796 am 2200457 n 450 001 9910495774103321 005 20240104030449.0 010 $a2-7574-2923-X 024 7 $a10.4000/books.septentrion.77751 035 $a(CKB)4100000010138541 035 $a(FrMaCLE)OB-septentrion-77751 035 $a(PPN)242887120 035 $a(EXLCZ)994100000010138541 100 $a20200130j|||||||| ||| 0 101 0 $afre 135 $auu||||||m|||| 200 03$aLa franc-maçonnerie et la crise boulangiste (1886-1891)$fJulien Rycx 210 $aVilleneuve d'Ascq$cPresses universitaires du Septentrion$d2020 215 $a1 online resource (234 p.) 311 $a2-7574-2855-1 330 $aAu c?ur « d?un mystère qui semble encore loin d?être épuisé » (Bertrand Joly ? 2008), le boulangisme, mouvement polymorphe, paraît avoir été étudié sous tous ses aspects depuis les premiers travaux d?Adrien Dansette en 1939. Pourtant, son analyse à travers le prisme de la franc-maçonnerie demeure encore un champ de recherche en friche. L?étude entre l?événement et l?institution maçonnique ne semblerait avoir trouvé sa place ni chez les historiens du Général ni chez ceux de la maçonnerie. Enjeu mémoriel, cette séquence illustre cependant, parfaitement, les mécanismes d?une grande machine à falsifier le réel, largement altérée par le poids des discours, des mythes et des représentations. Que penser alors de cet anti-boulangisme maçonnique porté par l?historiographie traditionnelle ? Derrière sa précocité, son unité et son ardeur, n?occulterait-il pas la fragmentation des « mondes maçonniques » ? Quelle place occupe la séquence boulangiste dans le « roman maçonnique national » ? At the heart of "a mystery that still seems far from being exhausted" (Bertrand Joly - 2008), boulangism, a polymorphic movement, seems to have been studied in all its aspects since Adrien Dansette's first works in 1939. However, its analysis through the prism of Freemasonry still remains a fallow area of research. 517 $aFranc-maçonnerie et la crise boulangiste 517 $aFranc-maçonnerie et la crise boulangiste 517 $aLa franc-maçonnerie et la crise boulangiste 606 $aHistory 606 $aBoulangisme 606 $afranc-maçonnerie 606 $amythologie 606 $aRépublique 607 $aFrance$xPolitics and government$y1870-1940 615 4$aHistory 615 4$aBoulangisme 615 4$afranc-maçonnerie 615 4$amythologie 615 4$aRépublique 700 $aRycx$b Julien$01288136 801 0$bFR-FrMaCLE 906 $aBOOK 912 $a9910495774103321 996 $aLa franc-maçonnerie et la crise boulangiste (1886-1891)$93657820 997 $aUNINA